000 00978nac a22002777a 4500
001 BR8403337
003 BR-BrBNA
005 20240105120046.0
008 230509b bl.|||m| |||| 00| 0 por d
040 _aBR-BrBNA
_bpor
_cBiblioteca Nacional de Agricultura
072 _aE10; E50
090 _aE10 BR8403337
100 1 _aMueller, C.
110 1 _aFundacao Universidade de Brasilia, DF (Brasil). Depto. de Economia
_95043
245 1 _aFatores na evolucao recente da absorcao de mao-de-obra rural no centro-oeste: um estudo empirico [economia, sociologia rural, Brasil]
260 3 _aBrasilia, DF (Brasil):
_c1984.
300 _a27 p.
490 _aTexto para Discussao - Fundacao Universidade de Brasilia. Depto. de Economia (Brazil)
_vno. 117
_x
500 _a10 ref.
650 _aECONOMIA
650 _aSOCIOLOGIA RURAL
650 _aMAO-DE-OBRA
650 _aREGIAO CENTRO-OESTE
909 _a202312
_bLúcia Elande
_c55
_dLúcia Elande
942 _2AGRIS
_n0
_cMS
999 _c277745
_d277745